000 01400nam a22004217a 4500
003 OSt
005 20230309150009.0
008 221006b |||||||| |||| 00| 0 eng d
040 _cBiblioteca Lado V
082 _a701.1
_bB167a
100 _9783
_aBaker, Elizabeth C.
_eeditora
245 _aArt in America/
260 _bWhitney Communications Corporation Magazine Division
_c2001
_aNew York
300 _c23x28cm
_a160p.
366 _eeng
490 _aMarzo
_v2001
505 _tFront Page
505 _tReport from Berlim
505 _tReport from Poland
505 _tOn site
505 _tFilm
505 _tWolfgang Laib: Transcendent Offerings
505 _tVermeer & Hopper
505 _tHere's Not Looking at you, kid: Some Literary Uses of Vermeer
505 _tDocuments of Dissent
505 _tMary Frank and the Search for Self
505 _tThe Emperor Vanishes
505 _tReview of Exhibitions
505 _tArtworld
505 _tReview of Exhibitions
650 _2Tesauro de Arte & Arquitectura
_aARTE
_9703
650 _2Tesauro de Arte & Arquitectura
_aCRITICA
650 _2Tesauro de Arte & Arquitectura
_aAPRECIACION
650 _2Tesauro de Arte & Arquitectura
_aCOLECCIONISMO
650 _2Tesauro de Arte & Arquitectura
_aARTE - USA
700 _aShanley, Paul
_epublicista
942 _2ddc
_c1
_h701.1
_iB167a
_n0
999 _c3185
_d3185